[Event "Le Mans op"]
[Site "Le Mans "]
[Date "2001.12.29"]
[Round "6"]
[White "Bignon, Anne Tifenn"]
[Black "Verrier, Yann"]
[Result "1-0"]
[WhiteElo "1450"]
[BlackElo "1320"]
[PlyCount "64"]
[EventDate "2001.12.26"]
[EventType "swiss"]
[EventRounds "9"]
[EventCountry "FRA"]
[SourceTitle "EXT 2008"]
[Source "ChessBase"]
[SourceDate "2007.11.25"]
[SourceVersion "1"]
[SourceVersionDate "2007.11.25"]
[SourceQuality "1"]

1. e4 e5 2. Nc3 Nc6 3. Bc4 Nf6 4. d3 d6 5. Bg5 Be7 6. Nf3 0-0 7. 0-0 Bg4 8. Re1 Nd4 9. Kh1 Qc8 10. Rg1 Bxf3 11. gxf3 Qh3 12. Rg3 Qd7 13. Bh6 Nh5 14. Rg2 Bf6 15. Nd5 Qd8 16. c3 Ne6 17. Qd2 Re8 18. Rag1 g6 19. Qe3 Kh8 20. Rg4 Rg8 21. Nxf6 Nxf6 22. Rh4 Nd5 23. exd5 Qxh4 24. dxe6 fxe6 25. Bxe6 Rge8 26. Bd7 Rg8 27. Bg5 Qh5 28. Ba4 Qxg5 29. Rxg5 Raf8 30. f4 Rf7 31. Qh3 Re8 32. Qh4 exf4 1-0